Six Letter "IA" Countries - Statistics

General Stats
  • This quiz has been taken 12 times
  • The average score is 3 of 5
Answer Stats
Countries % Correct
Russia
89%
Serbia
89%
Zambia
67%
Latvia
56%
Gambia
33%
No matching quizzes found
Score Distribution
Percent of People with Each Score
Percentile by Number Answered
Your Score History
You have not taken this quiz